Synthesis and characterisation of ionic mixed copper (ll) carboxylate complexes, K[n][Cu[2](p-OC[6]H[4]COO)[n](RCOO)[4]-[n\] as thermally stable solar cell materials /
Saved in:
| 主要作者: | |
|---|---|
| 格式: | Thesis 圖書 |
| 語言: | English |
| 出版: |
2012.
|
| 主題: | |
| 在線閱讀: | http://studentsrepo.um.edu.my/id/eprint/6087 |
| 標簽: |
添加標簽
沒有標簽, 成為第一個標記此記錄!
|
| LEADER | 01427cam a2200349 i 4500 | ||
|---|---|---|---|
| 001 | u990108 | ||
| 003 | SIRSI | ||
| 005 | 201402251028 | ||
| 008 | 140225s2012 my a t 000 0 eng m | ||
| 040 | |a UMM |e rda | ||
| 090 | |a QD3 |b UM 2012 Laino | ||
| 100 | 0 | |a Lailatun Nazirah Ozair, |e author. | |
| 245 | 1 | 0 | |a Synthesis and characterisation of ionic mixed copper (ll) carboxylate complexes, K[n][Cu[2](p-OC[6]H[4]COO)[n](RCOO)[4]-[n\] as thermally stable solar cell materials / |c Lailatun Nazirah bt Ozair. |
| 264 | 1 | |c 2012. | |
| 264 | 4 | |c 2012. | |
| 300 | |a xx, 154 leaves, 28 unnumbered leaves : |b illustration ; |c 30 cm. | ||
| 336 | |a text |2 rdacontent | ||
| 337 | |a unmediated |2 rdamedia | ||
| 338 | |a volume |2 rdacarrier | ||
| 500 | |a [n], [2], [6], [4] are subscripts. | ||
| 502 | |b M.Sc. |c Jabatan Kimia, Fakulti Sains, Universiti Malaya |d 2013. | ||
| 504 | |a Bibliography: leaves 149-150. | ||
| 530 | |a Also issued in CD | ||
| 650 | 0 | |a Copper |x Synthesis. | |
| 650 | 0 | |a Solar cells |x Materials. | |
| 650 | 0 | |a Ionic solutions. | |
| 710 | 2 | |a Universiti Malaya. |b Jabatan Kimia, |e degree granting institution. | |
| 856 | 4 | 1 | |u http://studentsrepo.um.edu.my/id/eprint/6087 |
| 900 | |a HA-ZA | ||
| 596 | |a 1 25 | ||
| 999 | |a QD3 UM 2012 LAINO |w LC |c 1 |i A515861155 |d 18/12/2014 |f 18/12/2014 |g 1 |l STACKS |m P01UTAMA |r Y |s Y |t TESIS |u 18/12/2014 | ||
| 999 | |a QD3 UM 2012 LAINO |w LC |c 1 |i A515861036 |l STACKS |m P25UMARCHI |r Y |s Y |t CD |u 12/4/2017 |1 STEM |2 GIFT | ||
